000 00323nam a2200097Ia 4500
008 220216s9999 xx 000 0 und d
245 0 _aStatistics
260 _bAsian Rubber Handbook and Directory (Ed. Kurian Abraham), Rubber Asia for Dhanam Publications, Kochi, 2003, pp.136-137
650 _aRubber statistics
942 _cJS
999 _c69271
_d69271